Համաստեղ. մատենագիտական ցանկեր / (Record no. 489026)
[ view plain ]
| 000 -LEADER | |
|---|---|
| fixed length control field | 01008nam a2200241 a 4500 |
| 001 - CONTROL NUMBER | |
| control field | 000366001 |
| 003 - CONTROL NUMBER IDENTIFIER | |
| control field | AM-YeHGA |
| 005 - DATE AND TIME OF LATEST TRANSACTION | |
| control field | 20250618075723.0 |
| 008 - FIXED-LENGTH DATA ELEMENTS--GENERAL INFORMATION | |
| fixed length control field | 041004s2004 ai |||||||||||||||1|arm|d |
| 020 ## - INTERNATIONAL STANDARD BOOK NUMBER | |
| Canceled/invalid ISBN | 99941-30-92-1 |
| 040 ## - CATALOGING SOURCE | |
| Original cataloging agency | AM-YeHGA |
| 041 0# - LANGUAGE CODE | |
| Language code of text/sound track or separate title | arm |
| 090 ## - LOCALLY ASSIGNED LC-TYPE CALL NUMBER (OCLC); LOCAL CALL NUMBER (RLIN) | |
| -- | 492397 |
| 245 00 - TITLE STATEMENT | |
| Title | Համաստեղ. մատենագիտական ցանկեր / |
| Statement of responsibility, etc. | Կազմ.՝ Մ.Մ. Խաչատրյան ; Խմբ. և առաջաբ.՝ Լ.Գ. Մուրադյան. |
| 260 ## - PUBLICATION, DISTRIBUTION, ETC. | |
| Place of publication, distribution, etc. | Երևան : |
| Name of publisher, distributor, etc. | Ասողիկ, |
| Date of publication, distribution, etc. | 2004. |
| 300 ## - PHYSICAL DESCRIPTION | |
| Extent | 26 էջ ; |
| Dimensions | 20 սմ. |
| 504 ## - BIBLIOGRAPHY, ETC. NOTE | |
| Bibliography, etc. note | Յուրաքանչյուր բաժնից հետո՝ ծանոթագր. |
| 600 14 - SUBJECT ADDED ENTRY--PERSONAL NAME | |
| Personal name | Համաստեղ, |
| Fuller form of name | (Կելենյան Համբարձում Հովհաննեսի), |
| Dates associated with a name | 1895-1966 |
| 9 (RLIN) | 3439 |
| 650 14 - SUBJECT ADDED ENTRY--TOPICAL TERM | |
| Topical term or geographic name entry element | Անհատական մատենագիտություն |
| 700 1# - ADDED ENTRY--PERSONAL NAME | |
| Personal name | Խաչատրյան, Մարգարիտա Մամիկոնի, |
| Dates associated with a name | 1955- |
| Relator term | կազմ. |
| Relationship | com |
| 9 (RLIN) | 3602 |
| 700 1# - ADDED ENTRY--PERSONAL NAME | |
| Personal name | Մուրադյան, Լ.Գ. |
| Relator term | խմբ. |
| Relationship | edt |
| Relator term | առաջաբ. |
| Relationship | aui |
| 942 ## - ADDED ENTRY ELEMENTS (KOHA) | |
| Source of classification or shelving scheme | Universal Decimal Classification |
| Koha item type | Գրքեր / Books |
| Withdrawn status | Lost status | Source of classification or shelving scheme | Damaged status | Not for loan | Collection | Home library | Current library | Date acquired | Total checkouts | Full call number | Barcode | Date last seen | Price effective from | Koha item type | Public note |
|---|---|---|---|---|---|---|---|---|---|---|---|---|---|---|---|
| Universal Decimal Classification | General | Fundamental Scientific Library | Fundamental Scientific Library | 26/02/2019 | AII/104344 | FL0555399 | 26/02/2019 | 26/02/2019 | Գրքեր / Books | 30 Days Loan |
ՀՀ Գիտությունների ազգային ակադեմիայի հիմնարար գիտական գրադարան = Fundamental Scientific Library of NAS RA
All site content, except where otherwise noted, is licensed under a